<The> Relationship between stock indices and yields on government debt

Enregistré dans:
Détails bibliographiques
Auteur principal: Pachta, Miloš
Autres auteurs: Verner, Robert, 1986-
Format: Chapitre de livre
Langue:anglais
Tags: Ajouter un tag
Pas de tags, Soyez le premier à ajouter un tag!

MARC

LEADER 00000nla a2200000 4500
001 0221171
005 20240502073632.0
041 0 |a eng 
044 |a SK 
245 1 0 |a <The> Relationship between stock indices and yields on government debt  |c Miloš Pachta, Róbert Verner 
500 |a Abstrakt 
100 1 |a Pachta, Miloš 
700 1 |a Verner, Robert, 1986-